ბათუმის შოთა რუსთაველის სახელმწიფო უნივერსიტეტის ბიბლიოთეკა

სიბრძნე-სიცრუისა (ბიბ.ჩანაწერი № 46896)

000 -LEADER
fixed length control field 00717nam a2200205Ia 4500
001 - CONTROL NUMBER
control field 13749
003 - CONTROL NUMBER IDENTIFIER
control field GE_BSU
008 - FIXED-LENGTH DATA ELEMENTS--GENERAL INFORMATION
fixed length control field 181216s||||||||xx |||||||||||||| ||und||
040 ## - CATALOGING SOURCE
Transcribing agency GE_BSU
080 ## - UNIVERSAL DECIMAL CLASSIFICATION NUMBER
Universal Decimal Classification number 821.353.1-391
100 ## - MAIN ENTRY--PERSONAL NAME
Personal name ორბელიანი,სულხან-საბა
245 ## - TITLE STATEMENT
Title სიბრძნე-სიცრუისა
245 ## - TITLE STATEMENT
Statement of responsibility, etc. რედ.სოლომონ იორდანიშვილი. წინასიტყვ. გიორგი ლეონიძის
260 ## - PUBLICATION, DISTRIBUTION, ETC.
Place of publication, distribution, etc. თბილისი
260 ## - PUBLICATION, DISTRIBUTION, ETC.
Name of publisher, distributor, etc. სახელგამი
260 ## - PUBLICATION, DISTRIBUTION, ETC.
Date of publication, distribution, etc. 1938
300 ## - PHYSICAL DESCRIPTION
Extent 214გვ.18სმ.
653 ## - INDEX TERM--UNCONTROLLED
Uncontrolled term სიბრძნე-სიცრუისა
942 ## - ADDED ENTRY ELEMENTS (KOHA)
Koha item type წიგნი
ეგზემპლარები
Withdrawn status Lost status Damaged status Not for loan Date acquired Barcode Date last seen Price effective from Koha item type
        2018-12-17 37125 2018-12-17 2018-12-17 წიგნი
        2018-12-17 37126 2018-12-17 2018-12-17 წიგნი
        2018-12-17 37127 2018-12-17 2018-12-17 წიგნი